Issues in educational measurement and evaluation in Nigeria in honour of Wole Falayajo

Salvato in:
Dettagli Bibliografici
Autore principale: AFEMIKHE, Omaze A. ADEWALE, J. Gbenga
Natura: Libro
Lingua:inglese
Pubblicazione: Educational Research Group, Institute of Education, University of Ibadan. 2004
Tags: Aggiungi Tag
Nessun Tag, puoi essere il primo ad aggiungerne!!

MARC

LEADER 00000nam a22000007a 4500
008 211104b ||||| |||| 00| 0 eng d
100 |a AFEMIKHE, Omaze A.  |a ADEWALE, J. Gbenga 
245 |a Issues in educational measurement and evaluation in Nigeria in honour of Wole Falayajo  |c  edited by Omaze A. Afemikhe and J. Gbenga Adewale  |g xxiii, 504p. : ill 
260 |b Educational Research Group, Institute of Education, University of Ibadan.  |c  2004  |d Book  |h Ibadan?  |i 640715  |i 667050  |i 667051  |l LB3058.N6Is7  |m  Educational tests and measurements - Nigeria  |m Grading and marking (Students) 
942 |a lcc  |c BK  |e A. R. Akinniyi  |f 04 / 11 /20 21 
952 |0 0  |1 0  |2 lcc  |4 0  |7 0  |9 3843  |a HOL  |b HOL  |c LP  |d 2021-11-04  |o LB3058.N6Is7  |p 2021-67573  |r 2021-11-04 00:00:00  |t 667050  |w 2021-11-04  |y BK 
952 |0 0  |1 0  |2 lcc  |4 0  |6 LB3058 N6 I S7  |7 0  |9 3844  |a HOL  |b HOL  |c LP  |d 2021-11-04  |l 0  |o LB3058.N6Is7  |p 2021-67574  |r 2021-11-04 00:00:00  |t 649715  |w 2021-11-04  |y BK 
952 |0 0  |1 0  |2 lcc  |4 0  |6 LB3058 N6 I S7  |7 0  |9 3845  |a ED  |b ED  |c LP  |d 2021-11-04  |l 0  |o LB3058.N6Is7  |p 2021-67575  |r 2021-11-04 00:00:00  |t 667051  |w 2021-11-04  |y BK 
999 |c 1922  |d 1922